000 nam a22 a 4500
999 _c38892
_d38892
003 BLK
005 20230202115606.0
008 180408b bul|||||r ||||||| ||bul||
010 _aKNG00042163000
040 _aBLK
041 _aBUL
_cBUL
080 _aБългарска литература
_b821.163.2
_x-93-2
_z821.163.2-93-2
139 _aПразникът на свирците
_bП 84
245 1 0 _aПразникът на свирците
_bСб. с пиеси за куклен театър
257 _aBGR
260 _bДом на лит. и изкуствата за деца и юноши
_c1970
_fСофия : Бълг. тъкан
_aСофия
300 _a247 с.
_c23 см
380 _aDX
500 _aСъдържа: Пенчо Манчев и М. Грекова. Кой не си знае името? Кузман Кръстев. Веселушко. Ив. Даковска. Приказка за сребърното и златното момченце. Дора Христова. Оранжевата принцеса. Донка Първанова и Таня Бурлакова. Празник на свирците. Веселин Ангелов. Не щъ да бъдъ марсианец. Светлозар Караджов. Класът на гениалните идеи. Георги Генков. Песни към куклената пиеса "Кой не си знае името".
852 _aЦб 267573
856 4 _qpdf
_i0.00
_ldisable
856 4 _qpdf
_i0.00
_ldisable
942 _cKNG
_n0
_s1
944 _aCR
_c23.04.2014
_lф /
_kСимона_Петрова
944 _aED
_c23.04.2014
_lф /
999 _d38892
999 _d38892